THIRD EYE (Record no. 13939)
[ view plain ]
| 000 -LEADER | |
|---|---|
| fixed length control field | 00324nam a2200133Ia 4500 |
| 008 - FIXED-LENGTH DATA ELEMENTS--GENERAL INFORMATION | |
| fixed length control field | 240624s9999 xx 000 0 und d |
| 041 ## - LANGUAGE CODE | |
| Language code of text/sound track or separate title | eng |
| 082 ## - DEWEY DECIMAL CLASSIFICATION NUMBER | |
| Classification number | 823 RAM |
| 100 ## - MAIN ENTRY--PERSONAL NAME | |
| Personal name | RAMPA T LOBSANG |
| 245 ## - TITLE STATEMENT | |
| Title | THIRD EYE |
| 260 ## - PUBLICATION, DISTRIBUTION, ETC. | |
| Date of publication, distribution, etc. | 1964 |
| Place of publication, distribution, etc. | New York |
| Name of publisher, distributor, etc. | Ballentine Books |
| 300 ## - PHYSICAL DESCRIPTION | |
| Extent | viii, : 210 : p. : cm. ; 17 |
| 365 ## - TRADE PRICE | |
| Currency code | |
| Price amount | 20 |
| Withdrawn status | Lost status | Damaged status | Not for loan | Home library | Current library | Shelving location | Date acquired | Source of acquisition | Cost, normal purchase price | Total Checkouts | Total Holds | Full call number | Barcode | Date last seen | Date last checked out | Copy number | Price effective from | Koha item type |
|---|---|---|---|---|---|---|---|---|---|---|---|---|---|---|---|---|---|---|
| IMTN | IMTN | Rack 38-B | 10/09/2009 | WBD | 6.00 | 1 | 567 | 823 RAM | 13939 | 07/19/2025 | 07/09/2025 | 51.1 | 06/24/2024 | Books |